Movies Quiz

Random Movies or Oscar Quiz
Score 0/51 Timer 08:00
0 Plays Today
How Many Name % Correct
114John
95.4%
77Robert
86.1%
63William
80.1%
23Jack
80.1%
47James
78.8%
44Charles
78.1%
57Richard
77.5%
43George
77.5%
49Michael
73.5%
47Paul
72.8%
21Thomas
72.8%
63David
71.5%
18Jim
69.5%
28Mark
68.2%
14Gary
64.9%
29Frank
64.2%
23Fred
63.6%
38Peter
62.3%
21Tom
60.3%
15Christopher
58.9%
26Bill
57.6%
24Steve
57.6%
18Alan
57.6%
20Walter
56.3%
13Daniel
54.9%
25Chris
54.3%
How Many Name % Correct
20Edward
53.6%
13Bob
52.3%
24Joseph
49.7%
14Harry
49.7%
14Donald
45%
13Harold
43.7%
11Ken
42.4%
11Philip
37%
12Louis
33.1%
15Ray
32.3%
12Don
31.4%
21Stephen
29.8%
15Joe
29.8%
11Gene
25.8%
13Roger
25.8%
20Arthur
25.2%
11Scott
23.9%
14Tim
21.2%
11Ben
19.9%
11Ralph
19.6%
12Douglas
15.7%
15Howard
15.2%
14Martin
13.9%
11Eric
10.6%
12Hal
3.2%
Remove Ads.
Support Sporcle.
Get the best of Sporcle when you Go Orange. This ad-free experience offers more features, more stats, and more fun while also helping to support Sporcle. Thank you for becoming a member.

You're not logged in!

Compare scores with friends on all Sporcle quizzes.
OR
Log In

Show Comments

Extras

Top Quizzes Today


Score Distribution

Your Account Isn't Verified!

In order to create a playlist on Sporcle, you need to verify the email address you used during registration. Go to your Sporcle Settings to finish the process.

Report this User

Report this user for behavior that violates our Community Guidelines.

Details: